000 00298nam a2200085Ia 4500
008 220120s9999||||xx |||||||||||||| ||und||
100 _aSukesh, Manojkumar and Goutham
_912724
245 0 _aStudy on influence of concrete strenght in tension zone usin
260 _aCoorg Institute of Technology
_bPonnampet
999 _c138324
_d138324